| 000 | 00692nam a22002057a 4500 | ||
|---|---|---|---|
| 999 |
_c433 _d433 |
||
| 003 | AR-CdUCM | ||
| 008 | 190223b ||||| |||| 00| 0 spa d | ||
| 040 |
_aMUNICIPALIDAD PROVINCIAL DEL CUSCO _cBIBLIOTECA MUNICIPAL DEL CUSCO |
||
| 082 |
_a985.41 / _bN37 |
||
| 100 |
_aAvendaño Neira, Maximo _91702 |
||
| 245 | _aHistoria general de Arequipa | ||
| 260 |
_aArequipa, Perú : _bM. J. Bustamante de la Fuente , _c1990. |
||
| 300 |
_a824 paginas : _c24.5 cm. |
||
| 505 | _aCultura del Peru -- Antilogia Historica de Arequipa -- Historia de Arequipa... | ||
| 650 |
_aArequipa _91703 |
||
| 650 |
_aHistoria de Arequipa _91704 |
||
| 650 |
_aAvendaño _91705 |
||
| 942 |
_2ddc _cLIBROS |
||
| 945 | _artm | ||